000 00290nam a22001337a 4500
008 181121b xxu||||| |||| 00| 0 eng d
020 _a2740280077245
041 _aeng
080 _210 TH
_a510
100 _a39
101 _aMAT
245 _aMathematics
_cSmith.k.j
942 _2udc
_cBK
999 _c52260
_d52260